| 000 | 01408nam a2200265 4500 | ||
|---|---|---|---|
| 001 | 114005 | ||
| 003 | DR-UNIBE | ||
| 005 | 20250804141053.0 | ||
| 008 | 250804b2003 xxu||||| |||| 00| 0 spa d | ||
| 040 |
_aBIBLIOTECA UNIBE _cBIBLIOTECA UNIBE |
||
| 041 | _aspa | ||
| 082 | _a 345.946 G653j | ||
| 100 | 1 | 0 |
_aGómez Colomer, Juan-Luis, _d1951- _9198180 _eautor |
| 245 | 1 | 0 |
_aJuicio penal con jurado en la España democrática / _cJuan-Luis Gómez Colomer |
| 250 | _aPrimera edición | ||
| 260 |
_a Miami : _bCentro para la administración de justicia, _c 2003 |
||
| 300 |
_a101 páginas : _c21 x 13 cm |
||
| 490 |
_aColección monografías ; _v9 |
||
| 500 | _aComentario de la obra en español e inglés en la contraportada | ||
| 505 | _aEl jurado español, a medio camino entre el anglosajón y el europeo continental | El jurado español es un tribunal especial de justicia | Derechos, deberes y requisitos de los jurados | La selección de los jurados | Sistema y principios del proceso penal especial con jurado | Líneas generales del procedimiento y particularidades del juicio| El veredicto | Posibilidades impugnatorias | Ejecución de la sentencia | Conclusiones | Bibliografía | ||
| 650 | 7 |
_2lemb _aAdministración de justicia _zEspaña _9198184 |
|
| 650 | 7 |
_2lemb _aTribunales penales _zEspaña _9198185 |
|
| 650 | 7 |
_2lemb _aDerecho procesal penal _zEspaña _9198186 |
|
| 942 |
_2ddc _cBK |
||
| 999 |
_c114005 _d114005 |
||